[Event "Chigorin Memorial 30th"]
[Site "St Petersburg"]
[Date "2023.10.28"]
[Round "8"]
[White "Gaydym, Arseniy"]
[Black "Mineev, Sergey I"]
[Result "1-0"]
[WhiteElo "2170"]
[BlackElo "1860"]
[PlyCount "69"]
[EventDate "2023.10.21"]
[EventType "swiss"]
[EventRounds "9"]
[EventCountry "RUS"]
[SourceTitle "Mega2024 Update 01"]
[Source "Chessbase"]
[SourceDate "2023.11.12"]
[SourceVersion "1"]
[SourceVersionDate "2023.11.12"]
[SourceQuality "1"]

1. e4 c5 2. Nf3 d6 3. d4 Nf6 4. Nc3 cxd4 5. Nxd4 Nc6 6. Bg5 e6 7. Qd2 a6 8. 0-0-0 Bd7 9. f4 Be7 10. Nf3 h6 11. Bxf6 gxf6 12. f5 b5 13. Kb1 Qa5 14. Bd3 Rc8 15. Qe3 Ne5 16. Ne2 Nc4 17. Qc1 b4 18. Nf4 Rg8 19. g3 exf5 20. exf5 Bxf5 21. Bxf5 Qxf5 22. Nd4 Qd7 23. Nd5 Rg5 24. Nf3 Rh5 25. Rhe1 Ne5 26. Nb6 Qb7 27. Nxc8 Qxc8 28. Nxe5 fxe5 29. h4 Bf8 30. Qe3 a5 31. Qb6 Qd8 32. Qb5+ Ke7 33. g4 Rxh4 34. Rxe5+ Kf6 35. Re8 1-0

[Event "Chigorin Memorial 30th"]
[Site "St Petersburg"]
[Date "2023.10.26"]
[Round "6"]
[White "Gaydym, Arseniy"]
[Black "Buyanov, Gleb"]
[Result "1-0"]
[WhiteElo "2170"]
[BlackElo "1782"]
[PlyCount "115"]
[EventDate "2023.10.21"]
[EventType "swiss"]
[EventRounds "9"]
[EventCountry "RUS"]
[SourceTitle "Mega2024 Update 01"]
[Source "Chessbase"]
[SourceDate "2023.11.12"]
[SourceVersion "1"]
[SourceVersionDate "2023.11.12"]
[SourceQuality "1"]

1. e4 c5 2. Nf3 Nc6 3. d4 cxd4 4. Nxd4 g6 5. c4 Nf6 6. Nc3 Nxd4 7. Qxd4 d6 8. f3 Bg7 9. Be3 0-0 10. Qd2 Be6 11. Rc1 Qa5 12. Be2 Rfc8 13. b3 a6 14. Na4 Qxd2+ 15. Kxd2 Nd7 16. Rhd1 f5 17. Bd3 Rf8 18. Ke2 Rad8 19. exf5 Bxf5 20. Bxf5 gxf5 21. Nc3 Nf6 22. Bb6 Rd7 23. Kf1 Kf7 24. a4 Rc8 25. Nd5 e6 26. Nb4 Ke7 27. a5 Bh6 28. Rc2 d5 29. c5 d4 30. c6 bxc6 31. Rxd4 Nd5 32. Nxd5+ Rxd5 33. Rh4 Bd2 34. Rxh7+ Kf6 35. Ra2 Rg8 36. Rc7 Bf4 37. Rxc6 Bxh2 38. Re2 Rd1+ 39. Re1 Rxe1+ 40. Kxe1 Rxg2 41. Bd4+ Kf7 42. Rxa6 e5 43. Bf2 e4 44. fxe4 fxe4 45. Rc6 Bg3 46. Bxg3 Rxg3 47. b4 Rb3 48. Rb6 Ke7 49. Ke2 Kd7 50. a6 Kc7 51. Rb7+ Kc8 52. b5 Ra3 53. Kd2 e3+ 54. Ke2 Rb3 55. b6 Rc3 56. Rh7 Kb8 57. Rh8+ Rc8 58. a7+ 1-0

[Event "Chigorin Memorial Blitz 30th"]
[Site "St Petersburg"]
[Date "2023.10.20"]
[Round "10"]
[White "Gaydym, Arseniy"]
[Black "Markevich, Ilya"]
[Result "1-0"]
[WhiteElo "2170"]
[BlackElo "2224"]
[PlyCount "83"]
[EventDate "2023.10.20"]
[EventType "swiss (blitz)"]
[EventRounds "11"]
[EventCountry "RUS"]
[SourceTitle "Mega2024 Update 01"]
[Source "Chessbase"]
[SourceDate "2023.11.12"]
[SourceVersion "1"]
[SourceVersionDate "2023.11.12"]
[SourceQuality "1"]

1. e4 c5 2. Nc3 Nc6 3. g3 g6 4. Bg2 Bg7 5. d3 d6 6. Be3 e5 7. Qd2 h5 8. h3 Nge7 9. Nge2 Be6 10. Nd5 Bxd5 11. exd5 Nd4 12. 0-0 Nef5 13. c3 Nxe2+ 14. Qxe2 Qd7 15. Bd2 Ne7 16. f4 f5 17. fxe5 dxe5 18. c4 h4 19. Bc3 0-0-0 20. Bxe5 Bxe5 21. Qxe5 hxg3 22. Qxg3 g5 23. Rae1 Rdg8 24. Qe5 g4 25. hxg4 Rh7 26. d6 Nc6 27. Qxf5 Rxg4 28. Re8+ Nd8 29. Re7 Qxf5 30. Rxf5 Rhg7 31. Rxg7 Rxg7 32. Rxc5+ Kb8 33. Re5 Kc8 34. Re7 Rg6 35. Rc7+ Kb8 36. c5 Ne6 37. Re7 a5 38. Kf2 Nxc5 39. d4 Nd3+ 40. Ke3 Nxb2 41. Rxb7+ Kc8 42. Rxb2 1-0

[Event "Barnaul Kura Memorial"]
[Site "Barnaul"]
[Date "2021.02.27"]
[Round "2"]
[White "Tsydypov, Zhamsaran"]
[Black "Gaydym, Arseniy"]
[Result "1-0"]
[WhiteElo "2565"]
[BlackElo "2162"]
[PlyCount "39"]
[EventDate "2021.02.27"]
[EventType "swiss (rapid)"]
[EventRounds "11"]
[EventCountry "RUS"]
[SourceTitle "CBM 200 Extra"]
[Source "ChessBase"]
[SourceDate "2021.03.31"]
[SourceVersion "1"]
[SourceVersionDate "2021.03.31"]
[SourceQuality "1"]

1. b3 b6 2. e4 e5 3. Bb2 Nc6 4. Nf3 Bb7 5. Bc4 Nf6 6. Ng5 d5 7. exd5 Na5 8. Bb5+ c6 9. dxc6 Bxc6 10. Qe2 Bd6 11. d4 e4 12. Nxe4 0-0 13. Bxc6 Nxc6 14. 0-0 Re8 15. Nxf6+ Qxf6 16. Qg4 h5 17. Qxh5 Re4 18. g3 Nxd4 19. Nd2 Ne2+ 20. Kg2 1-0

[Event "RUS-ch rapid"]
[Site "Sochi"]
[Date "2019.10.15"]
[Round "4"]
[White "Gaydym, Arseniy"]
[Black "Zakhartsov, Vladimir"]
[Result "1-0"]
[WhiteElo "2139"]
[BlackElo "2514"]
[PlyCount "83"]
[EventDate "2019.10.15"]
[EventType "swiss"]
[EventRounds "11"]
[EventCountry "RUS"]
[SourceTitle "CBM 192 Extra"]
[Source "Chessbase"]
[SourceDate "2019.11.06"]
[SourceVersion "1"]
[SourceVersionDate "2019.11.06"]
[SourceQuality "1"]

1. e4 c5 2. Nc3 Nc6 3. g3 g6 4. Bg2 Bg7 5. d3 e5 6. Be3 d6 7. Qd2 Nge7 8. Bh6 Bxh6 9. Qxh6 Nd4 10. Qd2 b5 11. Nd5 Nxd5 12. exd5 0-0 13. c3 Nf5 14. Ne2 Bb7 15. c4 bxc4 16. dxc4 a5 17. 0-0 Nd4 18. f4 f6 19. fxe5 fxe5 20. Nxd4 cxd4 21. Rxf8+ Qxf8 22. Rf1 Qe7 23. b3 Kg7 24. c5 dxc5 25. d6 Qd7 26. Qg5 Bxg2 27. Qxe5+ Kg8 28. Kxg2 Qc6+ 29. Kg1 Re8 30. Qf6 Qd5 31. h4 Qe5 32. Qf7+ Kh8 33. Kh2 Rd8 34. Qe7 Qxd6 35. Rf8+ Rxf8 36. Qxd6 Kg8 37. Qxc5 Rd8 38. Qxa5 Rd7 39. Qb5 Rd8 40. Qb6 Rd7 41. Qe6+ Rf7 42. Qd5 1-0

[Event "Albena op-B"]
[Site "Albena"]
[Date "2015.06.19"]
[Round "3"]
[White "Lornye, Pylyp"]
[Black "Gaydym, Arseniy"]
[Result "1-0"]
[WhiteElo "2214"]
[BlackElo "1913"]
[PlyCount "70"]
[EventDate "2015.06.17"]
[EventType "swiss"]
[EventRounds "9"]
[EventCountry "BUL"]
[SourceTitle "CBM 167 Extra"]
[Source "ChessBase"]
[SourceDate "2015.09.14"]
[SourceVersion "1"]
[SourceVersionDate "2015.09.14"]
[SourceQuality "1"]

1. Nf3 d5 2. g3 c6 3. Bg2 Nf6 4. 0-0 Bf5 5. d3 e6 6. Nh4 Bg6 7. Nd2 Be7 8. c3 Nbd7 9. Nxg6 hxg6 10. e4 0-0 11. Qe2 dxe4 12. dxe4 Qc7 13. f4 Rad8 14. e5 Nd5 15. Ne4 Nc5 16. c4 Nxe4 17. Bxe4 Bc5+ 18. Kh1 Ne7 19. Rb1 Bd4 20. Bd2 c5 21. b4 b6 22. b5 Nc8 23. Rb3 Qd7 24. Bc6 Qc7 25. g4 g5 26. Rh3 gxf4 27. Bxf4 Ne7 28. Be4 Ng6 29. Bg3 Qe7 30. Rh5 Qe8 31. Qg2 f6 32. Qh3 f5 33. gxf5 exf5 34. Rfxf5 Qe7 35. Rxf8+ Kxf8 1-0